Drugi svetski rat 1939-1945 1

Bibliographic Details
Main Author: Marjanovič, Jovan (Author)
Format: Book
Language:Serbian
PhysicalDescription:14, 515, [1] s. 4°
Published: Beograd Vuk Karadžić-NIP Mladost 1973
Edition:2. izd.
Subjects:

MARC

LEADER 00000cam a2200000 a 4500
001 vtls010599336
003 SK-MaSNL
005 20260301215116.0
008 180405s1973 rb 000 0 srp
040 |a SNK  |b slo  |c SNK  |e AACR2 
041 0 |a ser 
044 |a rb  |c RS 
080 |a 940.53/54(084.1)=861  |2 1981 
245 0 0 |a Drugi svetski rat 1939-1945  |n 1  |c autori: Jovan Marjanovič ... [et al.] 
250 |a 2. izd. 
260 |a Beograd  |b Vuk Karadžić-NIP Mladost  |c 1973 
300 |a 14, 515, [1] s.  |c 4° 
650 0 7 |a druhá svetová vojna (1939-1945)  |2 SNKPH  |9 169657 
700 1 |a Marjanovič, Jovan  |4 aut  |9 486739 
958 |a OND 
999 |c 926913  |d 928843 
952 |a SNK  |b SNK  |y PREZ  |7 0  |p 17A0880761  |o snkSB 23495/1  |i snkV 1316/76  |8 2  |0 0  |1 0  |4 0  |d 2014-05-28  |f 1  |l 0  |r 2025-03-26 00:00:00  |w 2026-02-24